000 01113nam a2200253Ia 4500
999 _c52498
_d52498
001 19521
003 GE_BSU
005 20200220114245.0
008 181216s1987||||ge |||||||||||||| ||geo||
040 _cGE_BSU
041 _ageo
080 _a811.353.1'366 მ-43
100 _aმაჭავარიანი, მაია
_97215
245 _aქცევის გრამატიკული კატეგორიის სემანტიკა /
_cმაია მაჭავარიანი ; რედ. თ. უთურგაიძე.
264 _aთბილისი :
_bმეცნიერება,
_c1987.
300 _a137 გვ. ;
_c20 სმ.
504 _aბიბლიოგრ. : გვ. 129-137
520 _aრეზიუმე რუსულ ენაზე
541 _h2ლ.80თ.
653 _aქართული ენა
653 _aქცევის გრამატიკული კატეგორია ქართულში
700 _aუთურგაიძე, თ.
_eრედაქტორი
_97216
942 _cBK
_2udc